000 00324nam a22001217a 4500
008 180516b xxu||||| |||| 00| 0 eng d
041 _aeng
080 _a043.3
100 _a0
101 _aMBE-BTH
245 _aRaportet financiare në funskion të vlerësimit të performancës së kompanisë
_cHalili,L
942 _2udc
_cBK
999 _c45843
_d45843